| 000 | 00962nam a22003137b 4500 | ||
|---|---|---|---|
| 001 | 0022 | ||
| 003 | DO-SdBNP | ||
| 005 | 20240917104742.0 | ||
| 007 | 0022 | ||
| 008 | 070802s2003 ck | spa ||a | ||
| 015 | _a | ||
| 017 |
_a _b |
||
| 020 | _a9879418441 | ||
| 040 |
_aBPMSU _bspa _cBPMSU _e |
||
| 041 |
_aspa _a _h |
||
| 082 | 4 |
_aA863.5 _bE65c 2003 _222 |
|
| 100 | 1 |
_aErbiti, Alejandra _d1963- |
|
| 240 |
_a _l |
||
| 245 | 1 | 0 |
_aCasita encantada / _cAlejandra Erbiti ; dirección editorial Sergio R. Condino; dirección de la obra Grasiela Bloch _h |
| 260 |
_aColombia : _bCirculo Latino Astral, _c2002-2003 |
||
| 300 |
_a318 p. : _bils. ; _c28 cm + CD |
||
| 590 | _aInventariado, 2024/VM | ||
| 650 | 4 | _aCuentos infantiles argentinos | |
| 650 | 4 | _aLibros ilustrados para niños | |
| 700 | 1 |
_aCondino, Sergio R. _edirector |
|
| 700 | 1 |
_aBloch, Grasiela _edirector |
|
| 910 | _aVMateo V. Control de calidad. BPMSU | ||
| 942 |
_2ddc _cBK |
||
| 999 |
_c12230 _d12230 |
||